El lado oscuro de la luna
Պահպանված է:
| Հիմնական հեղինակ: | |
|---|---|
| Ձևաչափ: | Գիրք |
| Լեզու: | անգլերեն |
| Հրապարակվել է: |
Santiago, Chile:
Museo Nacional de Bellas Artes,
2023-2024
|
| Խորագրեր: | |
| Ցուցիչներ: |
Ավելացրեք ցուցիչ
Չկան պիտակներ, Եղեք առաջինը, ով նշում է այս գրառումը!
|
MARC
| LEADER | 00000nam a22000007a 4500 | ||
|---|---|---|---|
| 003 | CL-VaPUC | ||
| 005 | 20240705104803.0 | ||
| 008 | 240530i20232024 ||||| |||| 00| 0 eng d | ||
| 999 | |c 443813 |d 443811 | ||
| 040 | |c Pontificia Universidad Católica de Valparaíso | ||
| 082 | 0 | 4 | |2 22 |a 709.83 JAA 2023 |
| 100 | 1 | |a Jaar, Alfredo |e autor |9 889174 | |
| 245 | 1 | 3 | |a El lado oscuro de la luna |
| 260 | |a Santiago, Chile: |b Museo Nacional de Bellas Artes, |c 2023-2024 | ||
| 300 | |a 206 páginas: |b ilustraciones. | ||
| 500 | |a c.1 Memorando art. n° 02/2024 Donación profesor Bruno Cuneo L. | ||
| 583 | |c 20240530 |k Valeria Valenzuela | ||
| 650 | 1 | |a Artes visuales |x Dictadura militar |z Chile |9 889175 | |
| 650 | 1 | |a Arte contemporáneo chileno |x Exposiciones |9 889176 | |
| 650 | 1 | |a Fotografías artísticas |x Exposiciones |9 884206 | |
| 650 | 1 | |a Instalaciones (Arte) |z Chile |x Exposiciones |y Siglo 21 |9 889177 | |
| 942 | |2 ddc |c BK | ||
| 952 | |0 0 |1 0 |2 ddc |4 0 |6 709_830000000000000_JAA_2023 |7 0 |8 R |9 594923 |a BIBART |b BIBART |d 2024-05-30 |e Donación |i 5661499 |o 709.83 JAA 2023 |p 5661499 |r 2025-03-13 |t 1 |w 2024-05-30 |y BK_R |k ART | ||